|
|
|
|
| LEADER |
00000nam a22000007a 4500 |
| 005 |
20181001125557.0 |
| 007 |
cr|||| |||| |
| 008 |
181001s2018 pr |||||s|||| 00||0 spa d |
| 035 |
|
|
|a 22046
|
| 040 |
|
|
|a vLex
|
| 090 |
|
|
|c 8168
|d 8168
|
| 100 |
1 |
|
|a Ortega-Vľez, Ruth E.
|
| 245 |
1 |
0 |
|a Cd̤igo penal de Puerto Rico (2012) enmendado por las Leyes nm︢. 246-2014, 8-2016, 27-2017, 113-2017, 34-2018, 92-2018
|h [Recurso electrn̤ico] :
|b Comentado /
|c Ruth E. Ortega-Vľez
|
| 256 |
|
|
|a Servicio en ln̕ea
|
| 260 |
|
|
|a Barcelona:
|b Editorial vLex,
|c 2018
|
| 300 |
|
|
|a 1 recurso electrn̤ico
|
| 506 |
1 |
|
|a Disponible solo en los productos indicados
|d vLex Global
|d vLex Global (Academic Edition, excluding Law Schools)
|d vLex Global (U.S. Academic Edition, Law Schools)
|d vLex Global (U.S. Academic Edition, excluding Law Schools)
|d vLex Global (Academic Edition, Law Schools)
|
| 650 |
0 |
4 |
|a Derecho Penal
|z Puerto Rico
|
| 740 |
0 |
|
|a vLex Libros (Servicio en ln̕ea)
|
| 856 |
4 |
0 |
|u http://vlex.com/source/codigo-penal-de-puerto-rico-2012-enmendado-por-las-leyes-num-246-2014-8-2016-27-2017-113-2017-34-2018-92-2018-comentado-2018-22046
|z Acceso restringido
|
| 942 |
|
|
|c BOOK
|
| 999 |
0 |
|
|a Criminal law
|